LEADER 01345nam0-2200409li-450 001 990000165790203316 005 20180312154607.0 010 $a0-201-52375-2 035 $a0016579 035 $aUSA010016579 035 $a(ALEPH)000016579USA01 035 $a0016579 100 $a20001109d1989----km-y0itay0103----ba 101 0 $aeng 102 $aUS 200 1 $aObject-oriented programming in Turbo Pascal 5.5$fBen Ezzel 210 $aReading (Mass.)$cAddison-Wesley$dcopyr. 1989 215 $aXVII, 375 p.$cill.$d24 cm 610 1 $alinguaggio pascal 610 1 $aprogramma turbo pascal 610 1 $aprogrammazione oggetto-orientata 676 $a0051$9Programmazione. Tecnica di sviluppo dei programmi 700 1$aEzzel,$bBen$0745852 801 $aSistema bibliotecario di Ateneo dell' Università di Salerno$gRICA 912 $a990000165790203316 951 $a005.1 EZZ (A)$b0012577$c005.1$d00106381 951 $a005.1 EZZ (B)$b0013621$c005.1$d00106382 959 $aBK 969 $aSCI 979 $c19901211 979 $c20001110$lUSA01$h1712 979 $aALANDI$b90$c20010316$lUSA01$h1737 979 $aALANDI$b90$c20010316$lUSA01$h1738 979 $c20020403$lUSA01$h1624 979 $aPATRY$b90$c20040406$lUSA01$h1612 996 $aObject-oriented programming in Turbo Pascal 5.5$91487914 997 $aUNISA